00254 a2200121 4500001000700000020000600007040001100013100002500024240003500049245003000084362000900114440000900123169599 a  cMagnum aTrecker, Harleigh B.10aComo trabalhar com gruposlpor10aComo trabalhar com grupos0 a1899 1aAgir